000 00587nam a22002297a 4500
003 UA-OsUOA
001 92960
007 ta
008 20130104b un ||||| |||| 00| 0 ukr d
100 _aБебель А.
090 _a821.161.1
_bБ35
942 _cBK
040 _aUA-OsUOA
_brus
_cUA-OsUOA
_dUA-OsUOA
245 _aИз моей жизни
300 _a800 с.
955 _a3
041 _arus
080 _a821.161.1
260 _aМ.
_bГосполитиздат
_c1963
650 7 _a82 Література. Літературознавство
_2UDC
999 _c378886
_d378886